A journey from India to England through Persia, Georgia, Russia, Poland and Prussia, in the year 1817. By Lieut. Col. John Johnson, C. B. Illustrated with engravings
Na minha lista:
| Autor principal: | |
|---|---|
| Formato: | Livro |
| Idioma: | inglês |
| Publicado em: |
Londres
Longman, Hurst, Rees, Orme, and Brown, Paternoster Row
1818
|
| Edição: | 1a. ed |
| Assuntos: | |
| Tags: |
Adicionar Tag
Sem tags, seja o primeiro a adicionar uma tag!
|
MARC
| LEADER | 00000nam a2200000 a 4500 | ||
|---|---|---|---|
| 001 | UCJ8294 | ||
| 003 | CL-VaPUC | ||
| 008 | 070124e18180000UK |||||||||||||||||eng|d | ||
| 082 | 0 | 4 | |a 910.4 |b JOH |2 21 |
| 100 | 0 | |a Johnson, John |e author |9 517049 | |
| 245 | 1 | 2 | |a A journey from India to England through Persia, Georgia, Russia, Poland and Prussia, in the year 1817. By Lieut. Col. John Johnson, C. B. Illustrated with engravings |
| 250 | |a 1a. ed | ||
| 300 | |a x, 376 p | ||
| 942 | |c BK | ||
| 945 | |d 20070124 00:00:00 |a rinostro | ||
| 260 | |a Londres |b Longman, Hurst, Rees, Orme, and Brown, Paternoster Row |c 1818 | ||
| 500 | |a 4ª, tela.- Front.: lámina coloreada.- Port.: v. pié imprenta.- Intonso.- Ilustraciones conforme a lo señalado en Indice. Advierte errata | ||
| 650 | 0 | |a Viajes |9 257115 | |
| 650 | 0 | |a Población |9 257577 | |
| 650 | 7 | |a FLORA |2 CL-VaPUC |9 264745 | |
| 650 | 7 | |a FAUNA |2 CL-VaPUC |9 349523 | |
| 650 | 0 | |a Recursos naturales |9 255232 | |
| 650 | 0 | |a Cultura |9 269059 | |
| 650 | 0 | |a Ilustraciones |9 369481 | |
| 650 | 7 | |a PIRATAS |2 CL-VaPUC |9 317855 | |
| 650 | 0 | |a Arqueología |9 265619 | |
| 650 | 7 | |a DESCRIPCION BIBLIOFILICA |2 CL-VaPUC |9 504580 | |
| 651 | 7 | |a PERSIA |2 CL-VaPUC |9 316501 | |
| 651 | 7 | |a GEORGIA |2 CL-VaPUC |9 368707 | |
| 651 | 0 | |a Rusia |9 256106 | |
| 651 | 7 | |a POLONIA |2 CL-VaPUC |9 321936 | |
| 651 | 0 | |a Prusia |9 332663 | |
| 583 | |a last modification |c 20070124 00:00:00 |k Rodrigo Vera | ||
| 999 | |c 324067 |d 324065 | ||
| 952 | |0 0 |1 0 |4 0 |6 910_400000000000000_JOH_1818 |7 0 |8 X |9 403970 |a FDOBUD |b FDOBUD |d 2019-11-22 |i 1075535 |o 910.4 JOH 1818 |p 1075535 |r 2019-11-22 |w 2019-11-22 |y BK_X |k BUD | ||